Estudios de derecho mercantil en homenaje al profesor José María Muñoz Planas (Registro nro. 298895)

Detalles MARC
000 -ENCABEZADO
Número de control [NR] 01102cam a2200277Mi 4500
005 - FECHA Y HORA DE LA ÚLTIMA TRANSACCIÓN
control field 20150424132155.0
008 - DE LONGITUD FIJA DE DATOS DE ELEMENTOS - INFORMACIÓN GENERAL
Elementos de longitud fija [NR] 150424s2011 sp fr 000 0 spa d
020 ## - NUMERO INTERNACIONAL NORMALIZADO PARA LIBROS [R]
Número Internacional Normalizado del libro [NR] 9788447038084
020 ## - NUMERO INTERNACIONAL NORMALIZADO PARA LIBROS [R]
Número Internacional Normalizado del libro [NR] 8447038084
035 ## - NUMERO DE CONTROL DEL SISTEMA [R]
Número de control del sistema [NR] (OCoLC)768810556
040 ## - FUENTE DE CATALOGACION [NR]
Agencia de catalogación original [NR] CO-BoUCM
Idioma de catalogación [NR] spa
Quien Cataloga Jose A. Gerena
Quien Clasifica Jose A. Gerena
041 0# - CODIGO DE IDIOMA [R]
Código de idioma para texto/pista de sonido o título separado [R] Español
245 00 - MENCION DE TITULO [NR]
Título [NR] Estudios de derecho mercantil en homenaje al profesor José María Muñoz Planas
Mención de responsabilidad, etc. [NR] coordinadores Alberto Bercovitz Rodríguez-Cano, José Antonio García-Cruces González
260 ## - PUBLICACION, DISTRIBUCION, ETC. (PIE DE IMPRENTA) [R]
Lugar de publicación, distribución, etc. [R] Madrid (España)
Nombre del editor, distribuidor, etc. [R] Civitas
Fecha de publicación, distribución, etc. [R] 2011
300 ## - DESCRIPCION FISICA [R]
Extensión [R] 932 páginas
650 #7 - ASIENTO SECUNDARIO DE MATERIA - TERMINO TEMATICO [R]
9 (RLIN) 12793
Término temático o nombre geográfico como elemento de entrada [NR] Derecho mercantil
650 #7 - ASIENTO SECUNDARIO DE MATERIA - TERMINO TEMATICO [R]
9 (RLIN) 12717
Término temático o nombre geográfico como elemento de entrada [NR] Derecho comercial
650 #7 - ASIENTO SECUNDARIO DE MATERIA - TERMINO TEMATICO [R]
9 (RLIN) 16898
Término temático o nombre geográfico como elemento de entrada [NR] Hipotecas
Subdivisión general [R] Aspectos jurídicos
650 #7 - ASIENTO SECUNDARIO DE MATERIA - TERMINO TEMATICO [R]
9 (RLIN) 25687
Término temático o nombre geográfico como elemento de entrada [NR] Transporte
Subdivisión general [R] Aspectos jurídicos
650 #7 - ASIENTO SECUNDARIO DE MATERIA - TERMINO TEMATICO [R]
9 (RLIN) 20655
Término temático o nombre geográfico como elemento de entrada [NR] Obligaciones (Derecho)
690 ## - ASUNTO AGREGADO LOCAL DE ENTRADA - TÉRMINO TEMÁTICO (OCLC, RLIN)
9 (RLIN) 42767
Acceso temático local Derecho comercial
700 1# - ASIENTO SECUNDARIO - NOMBRE PERSONAL [R]
Nombre personal [NR] Bercovitz Rodríguez-Cano, Alberto
Término de relación [R] coordinador
9 (RLIN) 68422
700 1# - ASIENTO SECUNDARIO - NOMBRE PERSONAL [R]
Nombre personal [NR] García-Cruces González, José Antonio
Término de relación [R] coordinador
9 (RLIN) 68423
942 ## - ELEMENTOS DE ENTRADA AGREGADOS (KOHA)
Sistema de clasificación DEWEY
Tema principal Derecho
Tipo de ítem principal el descrito en 300a Libro
Edición 1
Clasificación 346.07
Parte restante de la signatura top. E826c
Existencias
Fecha de último préstamo Total préstamos Total Renewals Signatura topográfica Código de barras Última vez visto Ejemplar Costo de reposición Price effective from Tipo de ítem Perdido Sistema de clasificación Dañado No prestable Tipo de ítem específico Suprimido Ubicación habitual Ubicación actual Localización Fecha de creación Proveedor Forma de adquisición Costo
14/08/2019 3 1 346.07 E826c 100145494 09/12/2025 Ej.1 539032.00 14/04/2015 Libro   DEWEY     Libro   Claustro Claustro 3er piso 14/04/2015 37 Compra 539032.00